000 00692nam a2200241Ia 4500
003 OSt
005 20220927110755.0
006 a|||||r|||| 00| 0
007 ta
008 220926b |||||||| |||| 00| 0 eng d
024 _a102406
037 _cReports
040 _aRTL
_cRTL
_beng
041 _2eng
_aeng
082 _a"X9(J684):545.2.N7, L4"
111 _aCardamom Board (Chairman : K. M. Chandy)
_9380227
245 0 _aKnow your market for cardamon
260 _aCochin
_bCardamom Board India
_c1974
300 _a165p.
_ccm.
650 _aCardamom Industry
_9380228
942 _h"X9(J684):545.2.N7, L4"
_cCC
999 _c697881
_d697881